Every Canadian State to its Capital - Randomized - Statistics

General Stats
  • This quiz has been taken 13 times
  • The average score is 7 of 13
Answer Stats
State or Territory Capital % Correct
Quebec Québec City
100%
Ontario Toronto
75%
Prince Edward Island Charlottetown
50%
Alberta Edmonton
50%
New Brunswick Fredericton
50%
Nova Scotia Halifax
50%
Nunavut Iqaluit
50%
Saskatchewan Regina
50%
Newfoundland and Labrador Saint John's
50%
British Columbia Victoria
50%
Yukon Whitehorse
50%
Manitoba Winnipeg
50%
Northwest Territories Yellowknife
50%
No matching quizzes found
Score Distribution
Percent of People with Each Score
Percentile by Number Answered
Your Score History
You have not taken this quiz